004220000a22001210004500090001700000245012600017041001400143700004000157100003000197942001300227773004300240999001700283 aASbSeriadas10aRecopilación bibliográfica sobre 117 especies vegetales útiles de la zona alta andina y del Chocó biogeográfico0 aEspañol1 aCelis Neira, Adriana María9101171 aLa Rotta, Constanza92644 cARTICULO1 tCespedesia3124h67q184-192d1996g21 c15040d15040